000 00513nam a2200181Ia 4500
001 2613
005 20260306144820.0
008 260306t2017||||xx |||||||||||||| ||spa||
041 _aESP
082 _a617.06
_bL46
100 _aLeón Carrión, José
_eAUT
245 0 _aNeurorrehabilitación y neuroterapia del daño cerebral traumático:
_bguía para familiares, cuidadores y terapeutas
260 _c2017
300 _a205 páginas :
_c22 cm.
650 _aGEN
654 _aCPS
942 _cLIB
_dJUS
_fJUS
_2ddc
_n
999 _c2613
_d2613